Guidance on inventory and conservation of the cultural heritage (Record no. 101976)

MARC details
000 -LEADER
fixed length control field 01001cam a2200229 4500
008 - FIXED-LENGTH DATA ELEMENTS--GENERAL INFORMATION
fixed length control field 020404n2001 000 0 eng u
020 ## - INTERNATIONAL STANDARD BOOK NUMBER
International Standard Book Number 9287147094
035 ## - SYSTEM CONTROL NUMBER
System control number (Sirsi) u117348
050 ## - LIBRARY OF CONGRESS CALL NUMBER
Classification number 344.09
110 ## - MAIN ENTRY--CORPORATE NAME
Corporate name or jurisdiction name as entry element Council of Europe
Subordinate unit Ad hoc Group for Inventory and Documentation within the Technical Co-operation and Consultancy Programme
9 (RLIN) 4269
245 ## - TITLE STATEMENT
Title Guidance on inventory and conservation of the cultural heritage
260 ## - PUBLICATION, DISTRIBUTION, ETC.
Place of publication, distribution, etc. Stasbourg
Name of publisher, distributor, etc. Council of Europe
Date of publication, distribution, etc. 2001
300 ## - PHYSICAL DESCRIPTION
Extent 130p.
Dimensions 25cm.
350 ## - PRICE (NR) (BK AM CF MU VM SE) [OBSOLETE]
Price 30
520 ## - SUMMARY, ETC.
Summary, etc. Based on current practice with Council of Europe member-states this book is intended as a guidance document for those concerned with the conservation, management, preservation and promotion of the common heritage and for other countries requiring technical co-operation in this area.
650 ## - SUBJECT ADDED ENTRY--TOPICAL TERM
Topical term or geographic name entry element BUILT HERITAGE
650 ## - SUBJECT ADDED ENTRY--TOPICAL TERM
Topical term or geographic name entry element CULTURAL HERITAGE
650 ## - SUBJECT ADDED ENTRY--TOPICAL TERM
Topical term or geographic name entry element INVENTORIES
650 ## - SUBJECT ADDED ENTRY--TOPICAL TERM
Topical term or geographic name entry element NATURAL HERITAGE
690 ## - LOCAL SUBJECT ADDED ENTRY--TOPICAL TERM (OCLC, RLIN)
Topical term or geographic name as entry element Arts and antiques
9 (RLIN) 6217
942 ## - ADDED ENTRY ELEMENTS (KOHA)
Suppress in OPAC 0
Holdings
Withdrawn status Lost status Source of classification or shelving scheme Damaged status Not for loan Home library Current library Shelving location Date acquired Cost, normal purchase price Total Checkouts Full call number Barcode Date last seen Date last checked out Copy number Cost, replacement price Price effective from Koha item type
    Dewey Decimal Classification     London London Books 05/07/2002 30.00 6 344.09 COU 30066108 06/08/2019 17/05/2005 1 30.00 06/08/2019 Book